1640 1005 1572 1310 1145 1303 1688 1749 1971 1920 1805 1341 1469 1361 1393 1684 1857 1634 1578 1205 1437 1057 1186 1131 1583 1523 1291 1345 1666 1900 1427 1092 1272 1713 1671 1573 1426 1232 1438 1768 1414 1409 1154 1466 1460 1880 1949 1171 1699 1070 1801 1477 1275 1839 1073 1735 1898 1194 1898 1874 1025 1244 1725 1194 1299 1793 1910 1327 1981 1899 1773 1542 1777 1723 1395 1032 1349 1395 1693 1497 1855 1092 1560 1949 1585 1594 1479 1028 1872 1932 1347 1688 1241 1769 1673 1927 1556 1290 1438 BCNSPRNW ULIB Ver.6.0+V

เปลี่ยนเป็นภาษาไทย

Change to English
 แสดงรายละเอียดบรรณานุกรม
  กลับหน้าหลัก

Brief Record : Get Marc (ISO 2709) : E-mail record : QR code < ปิดหน้าต่าง
LEADER : 00000nam 2200000uu 4500
001    13399114280
003     ULIB
008    110201s||||||||th 000 0 tha d
020    9749245407
060 04 WY150^bร765ค
099    เรณู อาจสาลี
245 10 คำศัพท์การพยาบาลผู้ใหญ่ /^cเรณู อาจสาลี
250    พิมพ์ครั้งที่ 5
260    กรุงเทพฯ :^bคณะพยาบาลศาสตร์ มหาวิทยาลัยมหิดล,^c2553
300    212 หน้า
650  7 การพยาบาลผู้ใหญ่^xคำศัพท์
710 2  มหาวิทยาลัยมหิดล^bคณะพยาบาลศาสตร์
945    ^p60^l0^i031313
945    ^p60^l0^i031314
945    ^p60^l0^i031315
995  เ ทศพร
999 ^a ใช้งานได้ทุกระบบ
รายการนี้ยังไม่มีแท็ก
คุณยังไม่ได้ล็อกอิน คุณสามารถมีกิจกรรมร่วมกับเว็บไซต์ได้ แต่ต้องล็อกอินก่อน ::
  ล็อกอิน

รายการสื่อสารสนเทศ

ลำดับที่ ประเภท เลขเรียก/บาร์โค้ด สถานที่ สถานะ
- ไม่พบข้อมูล -

BibComment


ยังไม่เคยถูกคอมเมนท์

คอมเมนท์ทรัพยากรรายการนี้
  คอมเมนท์: คำศัพท์การพยาบาลผ..


 Copyright 2026. Bcnsprnw @Library